[Event "AUTO-OPEN-3074"]
[Site "http://www.queenalice.com/game.php?id=1215222"]
[Date "2013.9.8"]
[Round "1"]
[White "serrameira"]
[Black "dtavila"]
[Result "1-0"]
[WhiteElo "1999"]
[BlackElo "1500"]

1. e4 e5 2. f4 Bd6 3. fxe5 Bxe5 4. Nf3 Bf4 5. Bc4 Nf6 6. Nc3 O-O 7. O-O c6 8. d4
b5 9. Bd3 Qc7 10. e5 Nd5 11. Nxd5 cxd5 12. Bxf4 a5 13. Bxb5 Qb6 14. a4 Qg6 15.
c4 d6 16. exd6 Bh3 17. Rf2 Na6 18. Bxa6 Rxa6 19. Ne5 Qe4 20. gxh3 Rxd6 21. c5
Rf6 22. Nd7 Rxf4 23. Rxf4 Qxf4 24. Nxf8 Kxf8 25. c6 Qc7 26. Rc1 g6 27. Qe1 f5
28. Qe5 Qxe5 29. dxe5 d4 30. c7 d3 31. c8=Q+ Kg7 32. Qd8 d2 33. Rc7+ Kh6 34.
Qh4# 1-0

[Event "AUTO-OPEN-3074"]
[Site "http://www.queenalice.com/game.php?id=1215223"]
[Date "2013.9.8"]
[Round "1"]
[White "dtavila"]
[Black "serrameira"]
[Result "0-1"]
[WhiteElo "1500"]
[BlackElo "1997"]

1. e4 e5 2. Bb5 Nf6 3. Nf3 c6 4. Ba4 Bd6 5. d3 O-O 6. c4 a6 7. Nc3 Bb4 8. Nxe5
Bxc3+ 9. bxc3 b5 10. Bb3 d6 11. Nxc6 Nxc6 12. cxb5 axb5 13. Bg5 h6 14. Bh4 Re8
15. Bd5 Bb7 16. Qb3 Rf8 17. e5 dxe5 18. Qxb5 Qxd5 19. Qxb7 Rab8 20. Qa6 Qxg2 21.
Ke2 Qg4+ 22. Kf1 Qxh4 23. Qxc6 Qh3+ 24. Ke1 Qxd3 25. Rg1 Kh8 26. Qg2 Qxc3+ 27.
Ke2 Rb2+ 28. Kf1 Qd3+ 29. Ke1 Qe2# 0-1

[Event "AUTO-OPEN-3074"]
[Site "http://www.queenalice.com/game.php?id=1215252"]
[Date "2013.9.8"]
[Round "1"]
[White "dtavila"]
[Black "carito30236"]
[Result "0-1"]
[WhiteElo "1480"]
[BlackElo "1799"]

1. e4 c5 2. Bb5 Qa5 3. a4 Nf6 4. Bd3 e5 5. Nf3 h6 6. O-O Nc6 7. c3 d6 8. b4 Qc7
9. Bc4 cxb4 10. cxb4 Nxb4 11. Ra3 Qxc4 12. Rc3 Qxe4 13. Qb3 Nc6 14. Rc4 Nd4 15.
Nxd4 exd4 16. Rc7 Qd5 17. Re1+ Be6 18. Qc4 Qxc4 19. Rxc4 Be7 20. Rxd4 O-O 21.
Nc3 a6 22. Re3 Bd8 23. Rg3 Nh5 24. Re3 Bb6 25. Rxd6 Bxe3 26. dxe3 Rfd8 27. Ne4
Rac8 28. Ba3 Rxd6 29. Nxd6 Rd8 30. g4 Bxg4 31. Nxb7 Rd3 32. Kg2 Rxa3 33. Nc5 Be6
34. f4 g5 35. fxg5 hxg5 36. e4 Kg7 37. Nxa6 Rxa4 38. Nc5 Nf4+ 39. Kf3 Ra3+ 40.
Kf2 Nd3+ 41. Nxd3 Rxd3 0-1

[Event "AUTO-OPEN-3074"]
[Site "http://www.queenalice.com/game.php?id=1215253"]
[Date "2013.9.8"]
[Round "1"]
[White "carito30236"]
[Black "dtavila"]
[Result "1-0"]
[WhiteElo "1821"]
[BlackElo "1500"]

1. e4 e5 2. Nf3 d6 3. h3 Nf6 4. Bc4 g6 5. Nc3 Bg7 6. Ng5 O-O 7. d3 b6 8. Nd5 Bb7
9. Qf3 Nc6 10. Qd1 Bh6 11. h4 Qd7 12. Nxf6+ Kg7 13. Nxd7 Rad8 14. Nxf8 Rxf8 15.
Bd5 f6 16. Ne6+ Kf7 17. Nxf8+ Kg7 18. Bxh6+ Kxh6 19. Nxg6 Kxg6 20. Qg4+ Kh6 21.
Bxc6 Bxc6 22. Qc8 Ba4 23. Qxc7 Kg6 24. Qxd6 Bxc2 25. g4 a5 26. g5 Kh5 27. Qxf6
Bxd3 28. Qf3+ Kg6 29. h5+ Kg7 30. h6+ Kg6 31. Qf6# 1-0

[Event "AUTO-OPEN-3074"]
[Site "http://www.queenalice.com/game.php?id=1215254"]
[Date "2013.9.8"]
[Round "1"]
[White "dtavila"]
[Black "edog"]
[Result "0-1"]
[WhiteElo "1464"]
[BlackElo "1849"]

1. e4 g6 2. Nf3 Bg7 3. d3 c5 4. c4 Nc6 5. Be3 Bxb2 6. Nbd2 Bxa1 7. Qxa1 Nf6 8.
Bxc5 d6 9. Bd4 Nxd4 10. Nxd4 O-O 11. Nb5 Qb6 12. e5 dxe5 13. Qxe5 Be6 14. Ne4
Nxe4 15. dxe4 Rac8 16. Bd3 Qa5+ 17. Nc3 Rfd8 18. Qxa5 Rxd3 19. O-O Rxc4 20. Ne2
Rxe4 21. Ng3 Red4 22. Qxa7 Rd2 23. a4 Bc4 24. Qxb7 Rd1 25. Qf3 Bxf1 26. Nxf1 Re1
27. Qc3 Rdd1 28. g4 Rxf1+ 29. Kg2 Ra1 30. a5 Rfc1 31. Qe5 e6 32. Kf3 Ra3+ 33.
Kf4 h6 34. g5 Rc4+ 35. Qe4 hxg5+ 36. Ke5 Rxa5+ 0-1

[Event "AUTO-OPEN-3074"]
[Site "http://www.queenalice.com/game.php?id=1215255"]
[Date "2013.9.8"]
[Round "1"]
[White "edog"]
[Black "dtavila"]
[Result "1-0"]
[WhiteElo "1843"]
[BlackElo "1427"]

1. e4 e5 2. Nf3 Nf6 3. Nxe5 Nxe4 4. Qe2 d5 5. d3 Bd6 6. Nxf7 Kxf7 7. dxe4 dxe4
8. Qh5+ g6 9. Qd5+ Be6 10. Qxe4 Re8 11. Be3 c5 12. Qxb7+ Nd7 13. Be2 Rb8 14.
Qf3+ Nf6 15. h3 Qa5+ 16. Bd2 Rb4 17. O-O c4 18. Bxb4 Qxb4 19. Qc3 Qc5 20. Nd2
Qg5 21. Bxc4 Bd5 22. Bxd5+ Nxd5 23. Qd4 Nf4 24. g3 Ne2+ 25. Kg2 Nxd4 26. Nf3
Nxf3 27. Kxf3 Qf5+ 28. Kg2 Qe4+ 29. Kg1 Rd8 30. Rad1 Bc7 31. Rfe1 Qxc2 32. Rc1
Qd2 33. Rxc7+ Kf8 34. Ree7 Qd1+ 35. Kg2 Re8 36. Rf7+ Kg8 37. Rg7+ Kh8 38. Rxh7+
Kg8 39. Rhg7+ Kf8 40. Rcf7# 1-0

[Event "Challenge"]
[Site "http://www.queenalice.com/game.php?id=1223796"]
[Date "2013.10.11"]
[Round "-"]
[White "amabile"]
[Black "dtavila"]
[Result "0-1"]
[WhiteElo "1109"]
[BlackElo "1417"]

1. e4 e5 2. Nf3 Nc6 3. d3 Bb4+ 4. c3 Ba5 5. a3 Nf6 6. Bg5 O-O 7. Nd4 d5 8. Be2
Qd6 9. f3 Nxd4 10. b4 Nxe2 11. Qxe2 Bb6 12. h4 Nh5 13. g4 Ng3 14. Qg2 Nxh1 15.
Qxh1 dxe4 16. dxe4 f6 0-1

[Event "AUTO-OPEN-3107"]
[Site "http://www.queenalice.com/game.php?id=1226848"]
[Date "2013.10.24"]
[Round "1"]
[White "dtavila"]
[Black "leduar"]
[Result "0-1"]
[WhiteElo "1427"]
[BlackElo "2040"]

1. e4 e5 2. f4 exf4 3. Nf3 g5 4. Nxg5 Qxg5 5. Bc4 Qxg2 6. Qh5 Qxe4+ 7. Kf1 Qxc4+
8. d3 Qxc2 9. Bxf4 Qxd3+ 10. Qe2+ Qxe2+ 11. Kxe2 Bg7 12. Re1 Bxb2 13. Kd2+ Ne7
14. Nc3 Bxc3+ 15. Kxc3 Nc6 16. Rf1 Nd5+ 17. Kc4 Nxf4 18. Rxf4 Ne5+ 19. Kd5 d6
20. Re1 Be6+ 21. Ke4 Kd7 22. Rg1 f5+ 23. Ke3 Rhg8 24. Kf2 Nd3+ 25. Kf3 Rxg1 26.
Rh4 Rg7 27. Ke2 Nc1+ 28. Kd2 Nxa2 29. Rh6 Rag8 0-1

[Event "AUTO-OPEN-3107"]
[Site "http://www.queenalice.com/game.php?id=1226849"]
[Date "2013.10.24"]
[Round "1"]
[White "leduar"]
[Black "dtavila"]
[Result "0-1"]
[WhiteElo "2009"]
[BlackElo "1464"]

1. e4 e5 2. Nf3 Nc6 3. Bc4 Nf6 4. Ng5 d5 5. exd5 Nd4 6. d6 Bg4 7. f3 Bf5 8. dxc7
Qxc7 9. Bxf7+ Kd8 10. Bb3 Nxc2+ 11. Bxc2 Bxc2 12. Ne6+ Kd7 13. Nxc7 Bxd1 14. Nb5
Ba4 15. N5c3 Rc8 16. O-O Bc2 17. a4 Bc5+ 18. Kh1 Bd3 19. Re1 Rhe8 20. Ne4 Nxe4
21. fxe4 Bf2 22. Rg1 Bxg1 23. Kxg1 Rf8 0-1

[Event "AUTO-OPEN-3107"]
[Site "http://www.queenalice.com/game.php?id=1226850"]
[Date "2013.10.24"]
[Round "1"]
[White "dtavila"]
[Black "Ustin"]
[Result "1-0"]
[WhiteElo "1427"]
[BlackElo "1750"]

1. e4 e5 2. f4 exf4 3. Nf3 Nc6 4. d4 g5 5. Bc4 Bg7 6. c3 h6 7. O-O d6 8. Qa4 Nf6
9. d5 Bd7 10. dxc6 Bxc6 11. Bb5 Qd7 12. e5 Bxb5 13. Qd4 Ng4 14. c4 Bc6 15. Nc3
Bxf3 16. gxf3 1-0

[Event "AUTO-OPEN-3107"]
[Site "http://www.queenalice.com/game.php?id=1226851"]
[Date "2013.10.24"]
[Round "1"]
[White "Ustin"]
[Black "dtavila"]
[Result "0-1"]
[WhiteElo "1750"]
[BlackElo "1487"]

1. e4 e5 2. Nf3 Nc6 3. Bb5 Nf6 4. O-O Nxe4 5. Re1 f5 6. d3 Nc5 7. Bxc6 bxc6 8.
Nxe5 Qh4 9. Ng6+ Be7 10. Nxh4 Ne6 11. Qh5+ Kf8 12. Nxf5 g6 13. Qh6+ Ke8 14. Nxe7
Kxe7 15. Qg7+ Kd6 0-1

[Event "AUTO-OPEN-3107"]
[Site "http://www.queenalice.com/game.php?id=1226852"]
[Date "2013.10.24"]
[Round "1"]
[White "dtavila"]
[Black "Pomerode"]
[Result "0-1"]
[WhiteElo "1538"]
[BlackElo "2062"]

1. e4 e6 2. d4 d5 3. Nc3 Nf6 4. Bg5 Be7 5. Nf3 Nxe4 6. Bb5+ c6 7. Ba4 Nxg5 8.
O-O Nxf3+ 9. Qxf3 Bf6 10. Ne2 O-O 11. Nf4 Bxd4 12. Qg4 e5 13. Nh5 Bxg4 14. Ng3
f5 15. c3 Bb6 16. Rae1 f4 17. h3 fxg3 18. hxg4 gxf2+ 0-1

[Event "AUTO-OPEN-3107"]
[Site "http://www.queenalice.com/game.php?id=1226853"]
[Date "2013.10.24"]
[Round "1"]
[White "Pomerode"]
[Black "dtavila"]
[Result "1-0"]
[WhiteElo "1500"]
[BlackElo "1462"]

1. f4 e6 2. b3 Bc5 3. Nf3 Nf6 4. Bb2 Na6 5. e3 O-O 6. Bd3 d5 7. a3 Ne4 8. O-O b6
9. Bxe4 dxe4 10. Ng5 e5 11. Qh5 exf4 12. Qxh7# 1-0

[Event "AUTO-OPEN-3173"]
[Site "http://www.queenalice.com/game.php?id=1250961"]
[Date "2014.1.24"]
[Round "1"]
[White "Coreguaje"]
[Black "dtavila"]
[Result "1-0"]
[WhiteElo "2119"]
[BlackElo "1534"]

1. d4 d5 2. c4 e6 3. Nf3 Nc6 4. e3 Bb4+ 5. Bd2 a5 6. a3 Bxd2+ 7. Nbxd2 Nf6 8.
Bd3 O-O 9. O-O dxc4 10. Nxc4 b5 11. Nce5 Nxe5 12. Nxe5 Bb7 13. Rc1 Qd5 14. Nf3
Ng4 15. Rc5 1-0

[Event "AUTO-OPEN-3173"]
[Site "http://www.queenalice.com/game.php?id=1250962"]
[Date "2014.1.24"]
[Round "1"]
[White "dtavila"]
[Black "Coreguaje"]
[Result "0-1"]
[WhiteElo "1534"]
[BlackElo "2120"]

1. e4 e6 2. d4 d5 3. exd5 exd5 4. Bb5+ c6 5. Qe2+ Be7 6. Ba4 Nf6 7. Nf3 Qa5+ 8.
Nc3 Ne4 9. O-O O-O 10. Nxe4 Qxa4 11. Neg5 Bxg5 12. Nxg5 Qxd4 13. Qe7 Nd7 14. Be3
Qxb2 0-1

[Event "AUTO-OPEN-3173"]
[Site "http://www.queenalice.com/game.php?id=1250989"]
[Date "2014.1.24"]
[Round "1"]
[White "dtavila"]
[Black "ratorei"]
[Result "0-1"]
[WhiteElo "1534"]
[BlackElo "2027"]

1. e4 c5 2. Nf3 Nc6 3. c4 g6 4. d3 Bg7 5. Ng5 Qb6 6. Qf3 Nf6 7. Nc3 Nd4 8. Qd1
d6 9. f3 Bd7 10. Nd5 Nxd5 11. cxd5 e6 12. Be3 c4 13. dxc4 Nc2+ 14. Qxc2 Qxe3+
15. Be2 Qxg5 16. O-O Bd4+ 0-1

[Event "AUTO-OPEN-3173"]
[Site "http://www.queenalice.com/game.php?id=1250990"]
[Date "2014.1.24"]
[Round "1"]
[White "ratorei"]
[Black "dtavila"]
[Result "1-0"]
[WhiteElo "2025"]
[BlackElo "1534"]

1. e4 e5 2. Nf3 d6 3. Bc4 Nf6 4. Ng5 d5 5. exd5 Bc5 6. O-O O-O 7. Nc3 Ng4 8.
Nge4 Bd4 9. h3 Nf6 10. d3 Nxe4 11. Nxe4 c6 12. dxc6 Qh4 13. cxb7 Bxb7 14. Bg5
Bxf2+ 15. Rxf2 Qxf2+ 16. Nxf2 Nd7 17. Qg4 1-0

[Event "AUTO-OPEN-3790"]
[Site "http://www.queenalice.com/game.php?id=1473899"]
[Date "2017.4.17"]
[Round "1"]
[White "dtavila"]
[Black "patreszer"]
[Result "0-1"]
[WhiteElo "1505"]
[BlackElo "2003"]

1. d4 d5 2. Nc3 Nf6 3. Nf3 e6 4. Bf4 Bd6 5. e3 O-O 6. Bb5 c6 7. Ba4 b5 8. Bxd6
Qxd6 9. Bb3 a5 10. O-O a4 11. Ne5 axb3 12. axb3 Rxa1 13. Qxa1 Nbd7 14. Ne2 Nxe5
15. dxe5 Qe7 16. exf6 Qxf6 17. Qa8 Bd7 18. Qb7 Rd8 19. Nf4 Qxb2 20. c4 bxc4 21.
Qc7 Qf6 22. bxc4 Qe7 23. Rb1 e5 24. Rb8 Rxb8 25. Qxb8+ Be8 26. cxd5 exf4 27. d6
Qd7 28. g3 f3 29. Qc7 Qh3 0-1